French studies and mastery
Guardat en:
| Autor principal: | |
|---|---|
| Format: | Llibre |
| Idioma: | anglès |
| Publicat: |
University of Nigeria Press
2012
|
| Etiquetes: |
Afegir etiqueta
Sense etiquetes, Sigues el primer a etiquetar aquest registre!
|
MARC
| LEADER | 00000nam a22000007a 4500 | ||
|---|---|---|---|
| 008 | 230504b |||||||| |||| 00| 0 eng d | ||
| 020 | |a 9789788446118 | ||
| 100 | |a IKECHUKWU, A . Orjinta | ||
| 245 | |a French studies and mastery |c / A. Orjinta Ikechukwu |g xiv,224p | ||
| 260 | |b University of Nigeria Press |c 2012 |d Book |h Unsukka |i 691439 |i 691440 |l PC21212.IK3 |m French language - Grammar - Study and teaching |m French language - Terms and phrases - English |m French language - Study and teaching. | ||
| 942 | |a lcc |c BK |e A .R . Akinniyi |f 4:5:23 | ||
| 952 | |0 0 |1 0 |2 lcc |4 0 |6 PC2112 I K3 |7 0 |9 4219 |a HOL |b HOL |c LP |d 2023-05-04 |l 0 |o PC2112.IK3 |p 2023-0148 |r 2023-05-04 00:00:00 |t 691440 |w 2023-05-04 |y BK | ||
| 952 | |0 0 |1 0 |2 lcc |4 0 |6 PC2112 I K3 |7 0 |9 4220 |a HOL |b HOL |c LP |d 2023-05-04 |l 0 |o PC2112.IK3 |p 2023-0149 |r 2023-05-04 00:00:00 |t 691439 |w 2023-05-04 |y BK | ||
| 999 | |c 2115 |d 2115 | ||